000 00438nam a2200157 a 4500
005 20260421120048.0
008 260220s2026##################000#0#eng##
020 _a9788184781588
_qpbk
082 0 4 _a336.2 GUP
100 _aGupta,S.S
245 1 0 _aService tax:how to meet your obligations
_c/S.S.Gupta
250 _a29th ed.
260 _aNew Delhi:
_bTaxmann allied services,
_c2010
650 _aTaxes and taxation
942 _cENGLISH
999 _c613148
_d613148